| 000 | 03383namaa2200469uu 4500 | ||
|---|---|---|---|
| 001 | doab134895 | ||
| 003 | oapen | ||
| 005 | 20260305123954.0 | ||
| 006 | m o d | ||
| 007 | cr|mn|---annan | ||
| 008 | 240229s2024 xx |||||o ||| 0|eng d | ||
| 020 | _a9781003214953 | ||
| 020 | _a9781003214953 | ||
| 020 | _a9781032103594 | ||
| 020 | _a9781032103600 | ||
| 024 | 7 |
_a10.4324/9781003214953 _2doi |
|
| 040 |
_aoapen _coapen |
||
| 041 | 0 | _aeng | |
| 042 | _adc | ||
| 720 | 1 |
_aNelson, Claudia _4edt |
|
| 245 | 0 | 0 | _aThe Routledge Companion to Children's Literature and Culture |
| 260 |
_bTaylor & Francis _c2024 |
||
| 300 | _a1 online resource | ||
| 336 |
_atext _btxt _2rdacontent |
||
| 337 |
_acomputer _bc _2rdamedia |
||
| 338 |
_aonline resource _bcr _2rdacarrier |
||
| 490 | 1 | _aRoutledge Literature Companions | |
| 506 | 0 |
_aFree-to-read _fUnrestricted online access _2star |
|
| 520 | _aFocusing on significant and cutting-edge preoccupations within children's literature scholarship, The Routledge Companion to Children's Literature and Culture presents a comprehensive overview of print, digital, and electronic texts for children aged zero to thirteen as forms of world literature participating in a panoply of identity formations. Offering five distinct sections, this volume: Familiarizes students and beginning scholars with key concepts and methodological resources guiding contemporary inquiry into children's literature Describes the major media formats and genres for texts expressly addressing children Considers the production, distribution, and valuing of children's books from an assortment of historical and contemporary perspectives, highlighting context as a driver of content Maps how children's texts have historically presumed and prescribed certain identities on the part of their readers, sometimes addressing readers who share some part of the author's identity, sometimes seeking to educate the reader about a presumed "other," and in recent decades increasingly foregrounding identities once lacking visibility and voice Explores the historical evolutions and trans-regional contacts and (inter)connections in the long process of the formation of global children's literature, highlighting issues such as retranslation, transnationalism, transculturality, and new digital formats for considering cultural crossings and renegotiations in the production of children's literature Methodically presented and contextualized, this volume is an engaging introduction to this expanding and multifaceted field. | ||
| 540 |
_aAll rights reserved _uhttp://oapen.org/content/about-rights |
||
| 546 | _aEnglish | ||
| 653 | _aChildren's Literature | ||
| 653 | _athema EDItEUR::D Biography, Literature and Literary studies::D Biography, Literature and Literary studies::DS Literature: history and criticism | ||
| 653 | _athema EDItEUR::D Biography, Literature and Literary studies::DS Literature: history and criticism::DSY Children's and teenage literature studies: general | ||
| 720 | 1 |
_aNelson, Claudia _4oth |
|
| 720 | 1 |
_aWesseling, Elisabeth _4edt |
|
| 720 | 1 |
_aWesseling, Elisabeth _4oth |
|
| 720 | 1 |
_aWu, Andrea Mei-Ying _4edt |
|
| 720 | 1 |
_aWu, Andrea Mei-Ying _4oth |
|
| 793 | 0 | _aDOAB Library. | |
| 856 | 4 | 0 |
_uhttps://directory.doabooks.org/handle/20.500.12854/134895 _70 _zFree-to-read: DOAB: description of the publication |
| 999 |
_c93267 _d93267 |
||